Detrás del papel : impresos de Colombia y Chile en el siglo XX /

Bibliographic Details
Other Authors: Darrigrandi Navarro, Claudia (Editor), Guzmán Méndez, Diana Paola (Editor)
Format: Electronic eBook
Language:Spanish
Published: Bogotá : Editorial UTADEO, [2024]
Edition:Primera edición.
Subjects:
Online Access:Digitalia Hispánica

MARC

LEADER 00000nam a2200000Ii 4500
001 DIGEJTLOZ204
003 NyNyDIG
006 m o d
007 cr |||||||||||
008 241010s2024 ck a ob 000 0 spa d
035 |a (OCoLC)1434003043 
040 |a DGITA  |b eng  |e rda  |e pn  |c DGITA 
020 |a 9789587253467  |q ePub 
020 |a 9789587253450  |q digital 
020 |z 9789587253474  |q impreso 
043 |a s-ck---  |a s-cl--- 
050 1 4 |a Z523.3 ebook 
245 0 0 |a Detrás del papel :  |b impresos de Colombia y Chile en el siglo XX /  |c Claudia Darrigrandi, Diana Paola Guzmán Méndez, editoras académicas. 
250 |a Primera edición. 
264 1 |a Bogotá :  |b Editorial UTADEO,  |c [2024] 
300 |a 1 online resource :  |b illustrations. 
336 |a text  |b txt  |2 rdacontent 
337 |a computer  |b c  |2 rdamedia 
338 |a online resource  |b cr  |2 rdacarrier 
347 |a text file  |2 rdaft 
347 |b PDF 
504 |a Includes bibliographical references. 
588 0 |a Online resource; title from PDF title page (Digitalia, viewed October 10, 2024) 
650 0 |a Printing presses  |z Colombia  |x History. 
650 0 |a Printing presses  |z Chile  |x History. 
650 0 |a Publishers and publishing  |z Colombia  |x History. 
650 0 |a Publishers and publishing  |z Chile  |x History. 
650 0 |a Colombian periodicals  |x History. 
650 0 |a Chilean periodicals  |x History. 
650 0 |a Printing  |z Colombia  |v Periodicals. 
650 0 |a Printing  |z Chile  |v Periodicals. 
700 1 |a Darrigrandi Navarro, Claudia,  |e editor. 
700 1 |a Guzmán Méndez, Diana Paola,  |e editor. 
791 2 |a Digitalia (Firm),  |e distributor. 
793 0 |g Digitalia eBook Collection:  |a Editorial Jorge Tadeo Lozano 
776 0 8 |i Print version:  |t Detrás del papel.  |b Primera edición.  |d Bogotá : Editorial UTADEO, [2024]  |z 9789587253474 
856 4 0 |3 Digitalia Hispánica  |u https://www.digitaliapublishing.com/a/156285/ 
910 |a Premium collection: 2024